Every Important Trainer's Pokemon Part 1 - Statistics

General Stats
  • This quiz has been taken 23 times
  • The average score is 249 of 497
Answer Stats
Trainer Pokemon % Correct
Blaine | Blue | Clair | +2 others Charizard
89%
Lt. Surge | Red | Wattson Pikachu
89%
Clair | Lance | Winona Dragonite
78%
Lorelei | Misty | Pryce | Red Lapras
78%
Blue | Misty | Red Blastoise
72%
Agatha | Karen | Morty | Silver Gengar
72%
Blue | Clair | Giovanni | +3 others Gyarados
72%
Brock | Bruno | Giovanni | Roxanne Onix
72%
Red Snorlax
72%
Blue | Erika | Red Venusaur
72%
Blaine | Blue Flareon
67%
Brock | Roxanne Geodude
67%
Agatha | Eusine | Morty | Silver Haunter
67%
Blue | Lt. Surge Jolteon
67%
Blue Pidgeot
67%
Clair | Lance Salamence
67%
Bruno | Jasmine | Roxanne Steelix
67%
Blue | Sabrina | Silver Alakazam
61%
Blaine | Blue | Flannery | +2 others Arcanine
61%
Silver Bayleef
61%
Brendan/May | Flannery Blaziken
61%
Silver Chikorita
61%
Whitney Clefairy
61%
Silver Croconaw
61%
Silver Cyndaquil
61%
Giovanni Dugtrio
61%
Archer | Eusine | Lt. Surge | Wattson Electrode
61%
Red | Sabrina Espeon
61%
Silver Feraligatr
61%
Morty | Silver Gastly
61%
Brock Graveler
61%
Blaine | Flannery Growlithe
61%
Brawly | Bruno | Chuck Hitmonchan
61%
Brawly | Bruno | Chuck Hitmonlee
61%
Brawly | Bruno | Chuck Hitmontop
61%
Sabrina | Silver Kadabra
61%
Clair | Lance Kingdra
61%
Tate & Liza Lunatone
61%
Blue | Brawly | Bruno | +2 others Machamp
61%
Archer | Blaine Magmar
61%
Blaine | Flannery Magmortar
61%
Silver Meganium
61%
Whitney Miltank
61%
Giovanni Persian
61%
Silver Quilava
61%
Brendan/May | Lt. Surge | Wattson Raichu
61%
Petrel Raticate
61%
Blue | Giovanni Rhydon
61%
Brock | Giovanni Rhyhorn
61%
Brendan/May Sceptile
61%
Lance Seadra
61%
Norman Slaking
61%
Tate & Liza Solrock
61%
Misty | Wallace Starmie
61%
Misty Staryu
61%
Brendan/May | Wallace Swampert
61%
Blaine | Flannery Torkoal
61%
Silver Totodile
61%
Brendan/May Treecko
61%
Silver Typhlosion
61%
Karen Umbreon
61%
Janine | Koga | Sabrina Venomoth
61%
Koga Venonat
61%
Lt. Surge | Wattson Voltorb
61%
Erika Weepinbell
61%
Sabrina Abra
56%
Blue | Brock | Clair | +3 others Aerodactyl
56%
Lt. Surge | Wattson Ampharos
56%
Erika Bellossom
56%
Norman | Whitney Blissey
56%
Blaine | Flannery Camerupt
56%
Norman Chansey
56%
Whitney Clefable
56%
Brendan/May Combusken
56%
Clair | Lance | Winona Dragonair
56%
Morty Dusknoir
56%
Lt. Surge | Wattson Electabuzz
56%
Lt. Surge Electivire
56%
Wattson Electrike
56%
Blue | Erika | Giovanni | +2 others Exeggutor
56%
Falkner Fearow
56%
Lance Flygon
56%
Tate & Liza | Will Gardevoir
56%
Misty Golduck
56%
Brock | Giovanni | Roxanne Golem
56%
Brendan/May Grovyle
56%
Brawly | Bruno Hariyama
56%
Blue | Brawly | Bugsy Heracross
56%
Lance Hydreigon
56%
Lorelei | Pryce | Sabrina | Will Jynx
56%
Roxanne Kabuto
56%
Lt. Surge | Wattson Manectric
56%
Brendan/May Marshtomp
56%
Brawly | Chuck Medicham
56%
Brawly Meditite
56%
Jasmine | Sabrina Metagross
56%
Brendan/May Mudkip
56%
Giovanni Nidoking
56%
Giovanni | Janine Nidoqueen
56%
Brendan/May | Flannery Numel
56%
Roxanne Omanyte
56%
Brock | Roxanne Omastar
56%
Falkner Pidgeotto
56%
Falkner Pidgey
56%
Lorelei | Pryce Piloswine
56%
Chuck Primeape
56%
Blaine | Flannery Rapidash
56%
Blue | Brock | Giovanni Rhyperior
56%
Bugsy Scyther
56%
Jasmine | Winona Skarmory
56%
Brendan/May | Falkner | Winona Swellow
56%
Erika Tangela
56%
Brendan/May Torchic
56%
Blue | Misty Vaporeon
56%
Erika Victreebel
56%
Norman Vigoroth
56%
Ariana | Erika | Karen Vileplume
56%
Brendan/May | Wallace Wailord
56%
Agatha | Archer | Janine | +3 others Weezing
56%
Clair | Lance | Winona Altaria
50%
Agatha | Ariana | Janine Arbok
50%
Janine | Koga Ariados
50%
Bugsy | Roxanne Armaldo
50%
Blue | Lorelei | Pryce Cloyster
50%
Erika | Roxanne Cradily
50%
Agatha | Falkner | Janine | +2 others Crobat
50%
Lorelei | Misty | Pryce Dewgong
50%
Morty | Pryce Froslass
50%
Pryce Glalie
50%
Ariana | Erika Gloom
50%
Agatha | Archer | Koga | +2 others Golbat
50%
Archer | Blaine | Flannery | Karen Houndoom
50%
Sabrina | Tate & Liza Hypno
50%
Brock | Roxanne Kabutops
50%
Brawly Machop
50%
Blaine | Brendan/May | Flannery Magcargo
50%
Jasmine | Lt. Surge | Silver | Wattson Magnemite
50%
Blue | Lt. Surge | Silver | Wattson Magneton
50%
Jasmine | Lt. Surge Magnezone
50%
Brawly Makuhita
50%
Pryce Mamoswine
50%
Wattson Minun
50%
Morty Mismagius
50%
Ariana | Karen Murkrow
50%
Giovanni Nidorino
50%
Blaine | Blue Ninetales
50%
Falkner | Winona Noctowl
50%
Roxanne Nosepass
50%
Bugsy Pinsir
50%
Wattson Plusle
50%
Bruno | Chuck Poliwrath
50%
Blaine | Flannery Ponyta
50%
Roxanne Probopass
50%
Misty Psyduck
50%
Bugsy Scizor
50%
Misty | Wallace Seaking
50%
Lorelei | Misty | Sabrina | Will Slowbro
50%
Sabrina | Tate & Liza Slowking
50%
Brendan/May | Flannery Slugma
50%
Blue | Norman | Whitney Tauros
50%
Brendan/May Tropius
50%
Petrel | Proton | Silver Zubat
50%
Roxanne Aggron
44%
Morty Banette
44%
Brendan/May | Tate & Liza Claydol
44%
Falkner Dodrio
44%
Clair Druddigon
44%
Bugsy | Jasmine | Koga Forretress
44%
Sabrina | Tate & Liza Gallade
44%
Clair | Giovanni | Lance Garchomp
44%
Whitney Girafarig
44%
Lance Haxorus
44%
Bugsy Kakuna
44%
Giovanni | Norman Kangaskhan
44%
Archer | Koga | Petrel | Proton Koffing
44%
Norman Linoone
44%
Bruno | Jasmine Lucario
44%
Wallace Luvdisc
44%
Giovanni Marowak
44%
Bugsy Metapod
44%
Misty | Wallace Milotic
44%
Agatha Misdreavus
44%
Sabrina Mr. Mime
44%
Ariana | Koga Muk
44%
Brendan/May | Falkner | Winona Pelipper
44%
Brock | Roxanne Relicanth
44%
Pryce Seel
44%
Falkner | Norman Staraptor
44%
Erika Tangrowth
44%
Blue | Brock Tyranitar
44%
Brendan/May Wailmer
44%
Pryce Walrein
44%
Whitney Wigglytuff
44%
Karen Absol
39%
Chuck Conkeldurr
39%
Whitney Delcatty
39%
Winona Dratini
39%
Morty Drifblim
39%
Falkner | Giovanni | Karen | Winona Honchkrow
39%
Winona Hoothoot
39%
Archer | Flannery Houndour
39%
Brendan/May | Wallace Ludicolo
39%
Wattson Mareep
39%
Lt. Surge Pachirisu
39%
Brock Rampardos
39%
Morty Sableye
39%
Wallace Sealeo
39%
Wallace Sharpedo
39%
Erika Shiftry
39%
Tate & Liza Slowpoke
39%
Silver Sneasel
39%
Koga Swalot
39%
Janine | Koga Toxicroak
39%
Norman Zangoose
39%
Brawly | Brendan/May | Chuck Breloom
33%
Jasmine | Tate & Liza | Will Bronzong
33%
Norman Castform
33%
Jasmine Empoleon
33%
Brendan/May | Norman Exploud
33%
Giovanni Gliscor
33%
Tate & Liza | Will Grumpig
33%
Giovanni Hippowdon
33%
Misty | Morty Jellicent
33%
Erika Jumpluff
33%
Norman Kecleon
33%
Lt. Surge | Misty Lanturn
33%
Whitney Lopunny
33%
Jasmine Mawile
33%
Brawly Mienshao
33%
Misty Quagsire
33%
Bugsy Shedinja
33%
Norman Spinda
33%
Karen Spiritomb
33%
Winona Swablu
33%
Janine | Koga | Wallace Tentacruel
33%
Karen | Pryce Weavile
33%
Sabrina Wobbuffet
33%
Falkner | Tate & Liza | Will Xatu
33%
Whitney Bibarel
28%
Norman Bouffalant
28%
Misty | Roxanne Carracosta
28%
Tate & Liza Chimecho
28%
Whitney Cinccino
28%
Morty Cofagrigus
28%
Eusine | Tate & Liza Drowzee
28%
Erika Parasect
28%
Blue | Giovanni Sandslash
28%
Brawly Scrafty
28%
Bugsy Shuckle
28%
Koga Skuntank
28%
Misty Swanna
28%
Wallace Whiscash
28%
Brendan/May Wingull
28%
Erika | Pryce Abomasnow
22%
Norman | Whitney Ambipom
22%
Flannery | Morty Chandelure
22%
Janine Drapion
22%
Misty Floatzel
22%
Jasmine Klinklang
22%
Whitney Lickilicky
22%
Erika Lilligant
22%
Erika | Janine Roserade
22%
Norman Sawsbuck
22%
Brendan/May Shroomish
22%
Sabrina | Winona Sigilyph
22%
Norman Stoutland
22%
Whitney Ursaring
22%
Erika Whimsicott
22%
Lance Alolan Exeggutor
17%
Lorelei Alolan Sandslash
17%
Jasmine Ferrothorn
17%
Tate & Liza Gothitelle
17%
Giovanni Krookodile
17%
Brendan/May Lombre
17%
Brendan/May Lotad
17%
Tate & Liza Reuniclus
17%
Bugsy Yanmega
17%
Bruno Alolan Golem
11%
Agatha Alolan Marowak
11%
Jasmine Excadrill
11%
Bugsy Vespiquen
11%
Whitney Watchog
11%
Blaine Rotom Heat
6%
Wattson Rotom Wash
6%
No matching quizzes found
Score Distribution
Percent of People with Each Score
Percentile by Number Answered
Your Score History
You have not taken this quiz